[Event "Dundee & Angus Open"]
[Site "?"]
[Date "2009.??.??"]
[Round "1"]
[White "Jacob, Gunnar"]
[Black "Ferry, Edward"]
[Result "1/2-1/2"]
[WhiteElo "2344"]
[BlackElo "1954"]
[PlyCount "140"]

1. d4 d5 2. c4 c6 3. cxd5 cxd5 4. Nf3 Nf6 5. Nc3 Nc6 6. Bf4 Nh5 7. Bd2 e6 8. e3
f5 9. Ne5 Nxe5 10. dxe5 g6 11. Be2 Ng7 12. Nb5 Be7 13. Rc1 O-O 14. O-O Bd7 15.
Nd4 Rc8 16. Qb3 Rxc1 17. Rxc1 Qb8 18. f4 Rc8 19. Rc2 Rxc2 20. Qxc2 Ne8 21. Ba5
b6 22. Bc3 Bc5 23. b4 Bxd4 24. exd4 b5 25. Be1 Qc7 26. Qc5 Qxc5 27. bxc5 Kf7
28. Kf1 Bc6 29. Bh4 Nc7 30. Bd8 Na8 31. Ke1 Ke8 32. Ba5 Kd7 33. Kd2 Nc7 34. Kc3
Ne8 35. Kb4 a6 36. Kb3 Kc8 37. Be1 Kb7 38. Kb4 Ng7 39. Ka5 Nh5 40. Bd2 Ng7 41.
a4 bxa4 42. Bxa6+ Ka7 43. Bc1 Ne8 44. Bb5 Kb7 45. Bxc6+ Kxc6 46. Kxa4 Nc7 47.
Ka5 Nb5 48. Bb2 Na7 49. Ka6 Nb5 50. g3 h6 51. h4 h5 52. Ka5 Na7 53. Kb4 Kc7 54.
Bc3 Kc6 55. Ba1 Nb5 56. Bb2 Na7 57. Ka5 Kc7 58. Ka6 Nc6 59. Bc3 Kd7 60. Kb6 Nd8
61. Kb5 Nc6 62. Bb2 Nd8 63. Kb4 Nc6+ 64. Kc3 Nd8 65. Ba3 Nc6 66. Bb4 Nd8 67.
Ba5 Nc6 68. Bb6 Ne7 69. Kd2 Nc6 70. Kc3 Ne7 1/2-1/2

[Event "Dundee & Angus Open"]
[Site "?"]
[Date "2009.??.??"]
[Round "1"]
[White "Marks, Ian"]
[Black "Orr, Mark"]
[Result "0-1"]
[WhiteElo "2256"]
[BlackElo "1877"]
[PlyCount "78"]

1. e4 c5 2. Nf3 Nc6 3. d4 cxd4 4. Nxd4 g6 5. Be3 Nf6 6. Nc3 Bg7 7. Bc4 O-O 8.
Bb3 d6 9. f3 Nxd4 10. Bxd4 Be6 11. Bxe6 fxe6 12. e5 Nd5 13. Nxd5 exd5 14. exd6
Qxd6 15. Bxg7 Kxg7 16. O-O e5 17. Qd2 d4 18. c3 Rad8 19. Rad1 b6 20. Rfe1 Qc5
21. Qf2 dxc3 22. Qxc5 bxc5 23. bxc3 Kf6 24. Kf2 Rxd1 25. Rxd1 Ke6 26. Rb1 Rf4
27. Rb7 Ra4 28. Rxh7 Rxa2+ 29. Kg3 Rc2 30. Rxa7 Rxc3 31. Ra6+ Kf5 32. Kf2 Rc2+
33. Kg3 c4 34. Ra8 c3 35. Rf8+ Ke6 36. Re8+ Kd5 37. Rc8 Kd4 38. h4 Rd2 39. Rd8+
Ke3 0-1

[Event "Dundee & Angus Open"]
[Site "?"]
[Date "2009.??.??"]
[Round "1"]
[White "Drtina, Milan"]
[Black "Tsang, Sai Kong"]
[Result "1-0"]
[WhiteElo "2252"]
[BlackElo "1876"]
[PlyCount "68"]

1. e4 c5 2. c4 Nc6 3. Ne2 Nf6 4. Nbc3 g6 5. d4 cxd4 6. Nxd4 d6 7. Be2 Bg7 8.
Be3 Bd7 9. O-O O-O 10. h3 h5 11. Rc1 a6 12. Kh2 Rc8 13. Qd2 e5 14. Nf3 Be6 15.
Rfd1 Nd4 16. b3 b5 17. Bxd4 exd4 18. Nxd4 b4 19. Na4 Nxe4 20. Qe3 Qc7 21. Kg1
Bxd4 22. Qxd4 Nc5 23. Qxd6 Nxa4 24. bxa4 Qa5 25. Qg3 Rc5 26. Rd6 Rfc8 27. Bd1
Rg5 28. Qd3 Rxg2+ 29. Kxg2 Qg5+ 30. Kh2 Qxc1 31. Bb3 Bf5 32. Qf3 Rc5 33. Rd7
Qg5 34. Qg3 Qc1 1-0

[Event "Dundee & Angus Open"]
[Site "?"]
[Date "2009.??.??"]
[Round "1"]
[White "Hookham, Jamie"]
[Black "Romilly, Peter"]
[Result "0-1"]
[WhiteElo "1874"]
[BlackElo "2226"]
[PlyCount "44"]

1. e4 e5 2. Nf3 Nc6 3. d4 exd4 4. Nxd4 Bc5 5. Be3 Qf6 6. c3 Nge7 7. Nc2 Bb6 8.
Be2 Qg6 9. Bf3 Ne5 10. Nd2 Nd3+ 11. Kf1 Nc6 12. Nc4 Nce5 13. Nxe5 Nxe5 14. g3
d6 15. Kg2 h5 16. h4 Bg4 17. Bxg4 hxg4 18. Bxb6 Qxe4+ 19. Kg1 axb6 20. Nd4 O-O
21. Qd2 c5 22. Re1 Qd5 0-1

[Event "Dundee & Angus Open"]
[Site "?"]
[Date "2009.??.??"]
[Round "1"]
[White "McGregor, Lindsay"]
[Black "Findlay, David"]
[Result "0-1"]
[WhiteElo "1778"]
[BlackElo "2172"]
[PlyCount "50"]

1. e4 e5 2. Nf3 d6 3. d4 exd4 4. c3 Nf6 5. Bg5 dxc3 6. Nxc3 Be7 7. Bc4 O-O 8.
Qe2 Nc6 9. O-O-O Nd7 10. Bxe7 Qxe7 11. Nd5 Qd8 12. h3 Nb6 13. e5 Nxd5 14. Bxd5
Nxe5 15. Nxe5 Qg5+ 16. Kb1 Qxe5 17. Qf3 Qf5+ 18. Rd3 c6 19. Be4 Qxf3 20. Rxf3
Re8 21. Re3 Rxe4 22. Rxe4 Bf5 23. Rhe1 d5 24. g4 Bxe4+ 25. Rxe4 dxe4 0-1

[Event "Dundee & Angus Open"]
[Site "?"]
[Date "2009.??.??"]
[Round "1"]
[White "Grant, Alan"]
[Black "Weir, Gary"]
[Result "1-0"]
[WhiteElo "2185"]
[BlackElo "1838"]
[PlyCount "87"]

1. Nf3 f5 2. c4 Nf6 3. g3 e6 4. Bg2 Be7 5. O-O O-O 6. Nc3 c6 7. b3 d5 8. cxd5
exd5 9. e3 Nbd7 10. Bb2 Ne4 11. Ne2 Bf6 12. Bxf6 Qxf6 13. d3 Nd6 14. b4 Ne5 15.
Nxe5 Qxe5 16. a4 a6 17. Qb3 Be6 18. Qc3 Qxc3 19. Nxc3 Rae8 20. b5 axb5 21. axb5
Ra8 22. b6 Rxa1 23. Rxa1 Nc8 24. Na4 Bf7 25. Nc5 Nxb6 26. Rb1 Nc8 27. Rxb7 Re8
28. Rc7 Ne7 29. d4 h6 30. Bf3 g5 31. Kg2 Bg6 32. Bd1 Kf7 33. Ba4 Rc8 34. Rxc8
Nxc8 35. Bxc6 Ne7 36. Bd7 Kf6 37. f3 h5 38. h4 g4 39. Nd3 Ng8 40. Ne5 Ne7 41.
Kf2 Kg7 42. Nxg6 Kxg6 43. Be8+ Kh6 44. Bf7 1-0

[Event "Dundee & Angus Open"]
[Site "?"]
[Date "2009.??.??"]
[Round "1"]
[White "Birkett, Richard"]
[Black "Emery, Keith"]
[Result "1-0"]
[WhiteElo "2163"]
[BlackElo "1585"]
[PlyCount "110"]

1. e4 Nf6 2. e5 Nd5 3. d4 d6 4. c4 Nb6 5. Nf3 Bg4 6. Be2 Nc6 7. exd6 cxd6 8.
O-O g6 9. h3 Bxf3 10. Bxf3 Bg7 11. Be3 O-O 12. Na3 e6 13. Rb1 Qf6 14. Bxc6 bxc6
15. b4 d5 16. c5 Nd7 17. b5 e5 18. dxe5 Nxe5 19. bxc6 Qxc6 20. Nc2 Nc4 21. Nb4
Nxe3 22. Nxc6 Nxd1 23. Rfxd1 d4 24. Nxd4 Bxd4 25. Rxd4 Rfc8 26. Rc4 Rc7 27. Kf1
Rac8 28. Rbc1 Re8 29. g3 f5 30. R1c2 Re5 31. Kg2 Kf7 32. h4 Ke6 33. Kf3 Kd5 34.
Kf4 h6 35. Ra4 Re6 36. Rd2+ Kxc5 37. Rc2+ Kb5 38. Rxc7 Kxa4 39. Rxa7+ Kb5 40.
Rh7 g5+ 41. hxg5 Re2 42. f3 hxg5+ 43. Kxg5 Re3 44. Kf4 Ra3 45. Rf7 Rxa2 46.
Kxf5 Kc6 47. Re7 Ra3 48. Kg4 Kd6 49. Re2 Ra8 50. f4 Ra5 51. f5 Ra3 52. Kf4 Ra4+
53. Kg5 Ra8 54. g4 Rg8+ 55. Kf4 Ra8 1-0

[Event "Dundee & Angus Open"]
[Site "?"]
[Date "2009.??.??"]
[Round "1"]
[White "Murdochy, Shivan"]
[Black "Jacob, Helmut"]
[Result "0-1"]
[WhiteElo "1582"]
[BlackElo "2155"]
[PlyCount "72"]

1. d4 Nf6 2. c4 g6 3. Nc3 d5 4. Nf3 Bg7 5. Bf4 O-O 6. Rc1 Nh5 7. Bg3 dxc4 8. e3
c5 9. dxc5 Qa5 10. Bxc4 Na6 11. Qb3 Nxc5 12. Qb5 Qxb5 13. Bxb5 Nxg3 14. hxg3
Rd8 15. O-O a6 16. Be2 Bg4 17. Rfd1 Bxc3 18. Rxd8+ Rxd8 19. Rxc3 Ne6 20. Kf1
Rd6 21. Ke1 Kg7 22. Ne5 Bxe2 23. Kxe2 f6 24. Nf3 Kf7 25. a3 a5 26. Rc4 Rb6 27.
Rc2 Rb3 28. Nd2 Rb5 29. Ne4 Re5 30. Kd3 Rd5+ 31. Ke2 Rd8 32. Kf3 Rd1 33. Ke2
Rg1 34. Kf3 Rd1 35. Nc3 Ng5+ 36. Kf4 e5+ 0-1

[Event "Dundee & Angus Open"]
[Site "?"]
[Date "2009.??.??"]
[Round "1"]
[White "Woods, Connor"]
[Black "Newton, Andrew"]
[Result "1-0"]
[WhiteElo "2042"]
[BlackElo "1574"]
[PlyCount "61"]

1. Nf3 Nf6 2. c4 g6 3. b4 Bg7 4. Bb2 O-O 5. g3 d6 6. Bg2 e5 7. d3 Nh5 8. Nc3 f5
9. Nd2 c6 10. b5 f4 11. Nde4 fxg3 12. hxg3 Be6 13. Ba3 c5 14. Bc1 Qc7 15. Ng5
Bc8 16. Nd5 Qd8 17. Rb1 h6 18. Nf3 Be6 19. Nh4 Kh7 20. Be4 Bf7 21. Ne3 Qc8 22.
Nxg6 Bxg6 23. Rxh5 Bxe4 24. dxe4 Qe8 25. Rh2 Qg6 26. Nf5 Rf6 27. Bxh6 Bxh6 28.
Rxh6+ Qxh6 29. Nxh6 Rxh6 30. Qd5 Nd7 31. Kd2 1-0

[Event "Dundee & Angus Open"]
[Site "?"]
[Date "2009.??.??"]
[Round "2"]
[White "Neave, George"]
[Black "Lawal, Rasheed"]
[Result "1-0"]
[WhiteElo "2033"]
[BlackElo "1679"]
[PlyCount "119"]

1. e4 d5 2. exd5 Nf6 3. Bb5+ Bd7 4. Be2 Nxd5 5. d4 c6 6. c4 Nf6 7. Nc3 e6 8.
Nf3 Be7 9. O-O O-O 10. Be3 Re8 11. Qc2 Na6 12. Rfd1 Ng4 13. Bf4 Rc8 14. h3 Nf6
15. a3 c5 16. dxc5 Rxc5 17. Ne5 Qc8 18. b4 Rc7 19. c5 Nxc5 20. Nxd7 Ncxd7 21.
Bxc7 Qxc7 22. Rac1 Qe5 23. Bf3 b6 24. Qa4 Bd6 25. g3 a5 26. Ne4 b5 27. Nxf6+
Nxf6 28. Qxa5 Qg5 29. h4 Qf5 30. Rxd6 Qxf3 31. Rd8 Qb7 32. Rcc8 Kf8 33. Rxe8+
Nxe8 34. Qd8 Qe7 35. Qb6 Qd7 36. Qc5+ Kg8 37. Rb8 f6 38. Qxb5 Qxb5 39. Rxb5 Nd6
40. Rc5 Kf8 41. a4 Ke8 42. a5 Kd7 43. a6 Nc8 44. Rxc8 Kxc8 45. b5 Kc7 46. f4 h5
47. a7 Kb7 48. b6 Ka8 49. Kf2 Kb7 50. Ke3 Ka8 51. Kd4 Kb7 52. Kc5 g6 53. Kd6 g5
54. hxg5 e5 55. fxe5 fxg5 56. e6 g4 57. e7 h4 58. e8=Q h3 59. Qc6+ Ka6 60.
a8=R# 1-0

[Event "Dundee & Angus Open"]
[Site "?"]
[Date "2009.??.??"]
[Round "2"]
[White "Findlay, David"]
[Black "Jacob, Gunnar"]
[Result "0-1"]
[WhiteElo "2172"]
[BlackElo "2344"]
[PlyCount "120"]

1. e4 c5 2. Nf3 d6 3. d4 cxd4 4. Nxd4 Nf6 5. Nc3 a6 6. f4 Qc7 7. Bd3 g6 8. O-O
Bg7 9. Nf3 Nbd7 10. Qe1 b5 11. e5 dxe5 12. fxe5 Ng4 13. e6 fxe6 14. Qh4 Nde5
15. Nxe5 Nxe5 16. a4 Nxd3 17. cxd3 Qb6+ 18. Kh1 b4 19. Ne4 Bb7 20. Bd2 Bxe4 21.
Qxe4 Rd8 22. a5 Qd6 23. Bxb4 Qd7 24. Bc3 Bxc3 25. bxc3 Rf8 26. Rxf8+ Kxf8 27.
d4 Kg8 28. Re1 Rc8 29. Qxe6+ Qxe6 30. Rxe6 Rxc3 31. Kg1 Kf7 32. Rxa6 Rd3 33.
Ra8 Rxd4 34. Kf2 Ra4 35. a6 Ke6 36. Rh8 Rxa6 37. Rxh7 Kf6 38. Rh8 Kf5 39. Rh4
Ra2+ 40. Kf3 Ra3+ 41. Kf2 e5 42. Rb4 e4 43. Rb2 Ke5 44. Re2 Kd4 45. Rd2+ Ke5
46. Re2 g5 47. Re3 Ra6 48. Re2 Rf6+ 49. Ke3 Rh6 50. h3 Ra6 51. Kf2 Kf4 52. g3+
Ke5 53. Rb2 Rf6+ 54. Ke2 Rf3 55. Rb5+ Kf6 56. h4 g4 57. Rb6+ Ke5 58. Rb5+ Kd4
59. Rb4+ Kd5 60. Rb5+ Kc4 0-1

[Event "Dundee & Angus Open"]
[Site "?"]
[Date "2009.??.??"]
[Round "2"]
[White "Jacob, Helmut"]
[Black "Drtina, Milan"]
[Result "0-1"]
[WhiteElo "2500"]
[BlackElo "2155"]
[PlyCount "114"]

1. e4 e5 2. Nf3 Nc6 3. Bc4 Be7 4. d4 exd4 5. Nxd4 Nf6 6. Nxc6 dxc6 7. Qxd8+
Bxd8 8. f3 Nd7 9. a4 a5 10. Be3 Bf6 11. c3 Ne5 12. Be2 Be6 13. Nd2 O-O-O 14.
Bd4 Bg5 15. Rd1 f6 16. Kf2 Bxd2 17. Rxd2 Bb3 18. Ra1 c5 19. Be3 Rxd2 20. Bxd2
Rd8 21. Be3 b6 22. f4 Nf7 23. Ra3 Bc2 24. Bf3 Re8 25. e5 fxe5 26. Bd5 Nd6 27.
c4 Rf8 28. g3 g5 29. Be6+ Kd8 30. f5 Bxf5 31. Bxg5+ Ke8 32. Bd5 Be4+ 33. Ke1
Bxd5 34. cxd5 Kd7 35. Rd3 Ne4 36. Bh6 Rf6 37. Bg7 Rf7 38. Bxe5 Re7 39. Bf4
Nxg3+ 40. Kf2 Nh5 41. Bh6 Nf6 42. Kf3 Re5 43. Kf4 Rxd5 44. Rxd5+ Nxd5+ 45. Kg5
Ke6 46. Bg7 c6 47. Kh6 Nf6 48. h4 b5 49. Kg5 Ng8 50. Bc3 b4 51. Bd2 c4 52. Kf4
Nf6 53. Kf3 Kf5 54. h5 Ne4 55. Bc1 Nc5 56. Ke3 Ke5 57. Kf3 Nxa4 0-1

[Event "Dundee & Angus Open"]
[Site "?"]
[Date "2009.??.??"]
[Round "2"]
[White "Newton, Andrew"]
[Black "Hookham, Jamie"]
[Result "0-1"]
[WhiteElo "1574"]
[BlackElo "1874"]
[PlyCount "110"]

1. d4 Nf6 2. c4 e6 3. Nc3 Bb4 4. a3 Bxc3+ 5. bxc3 Ne4 6. Qc2 f5 7. e3 b6 8. Nh3
Bb7 9. f3 Nf6 10. Bd3 d6 11. e4 fxe4 12. fxe4 e5 13. O-O O-O 14. Bg5 Nbd7 15.
Rf3 Qe8 16. d5 h6 17. Be3 Ng4 18. Qe2 Rxf3 19. Qxf3 Nxe3 20. Qxe3 Qg6 21. Bc2
Nc5 22. Qe2 Rf8 23. g3 Bc8 24. Nf2 Bd7 25. Kg2 Rf6 26. a4 a5 27. Ra3 Qe8 28.
Qd1 Qf7 29. Qe2 h5 30. h3 Qg6 31. Ra1 Qe8 32. Qd1 g5 33. Ra3 Qg6 34. Qe2 Kg7
35. Ra1 Rf8 36. Ra3 g4 37. h4 Qh6 38. Qe1 Rf3 39. Nd1 Be8 40. Ra1 Kh7 41. Ra3
Qc1 42. Ra2 Nxa4 43. Bxa4 Bxa4 44. Rxa4 Qc2+ 45. Nf2 Qxa4 46. Qd2 Qe8 47. Qg5
Qf7 48. Qd2 Rxf2+ 49. Qxf2 Qxf2+ 50. Kxf2 a4 51. c5 bxc5 52. c4 a3 53. Ke3 a2
54. Kd2 a1=Q 55. Kd3 Qd4+ 0-1

[Event "Dundee & Angus Open"]
[Site "?"]
[Date "2009.??.??"]
[Round "2"]
[White "Ferry, Edward"]
[Black "Scott, Jonny"]
[Result "0-1"]
[WhiteElo "1954"]
[BlackElo "1663"]
[PlyCount "119"]

1. e4 e5 2. Nf3 Nc6 3. Bb5 a6 4. Bxc6 dxc6 5. O-O f6 6. d4 Bg4 7. dxe5 Qxd1 8.
Rxd1 fxe5 9. Rd3 Bd6 10. Nbd2 Nf6 11. b3 O-O-O 12. Bb2 Rhe8 13. a4 Bb4 14.
Rxd8+ Rxd8 15. Nc4 Nxe4 16. Nfxe5 Be2 17. Ba3 Bc3 18. Bb2 Bxc4 19. Nxc4 Bxb2
20. Nxb2 Rd2 21. Rc1 Nxf2 22. Nc4 Rd1+ 23. Rxd1 Nxd1 24. Kf1 Nc3 25. Na5 b5 26.
axb5 cxb5 27. Nc6 Nd5 28. Ke2 Kb7 29. Nd8+ Kb6 30. Ne6 g6 31. g4 h6 32. g5 hxg5
33. Nxg5 a5 34. Kd2 a4 35. bxa4 bxa4 36. c4 a3 37. Kc2 Ne3+ 38. Kb3 Nxc4 39.
Ne6 c5 40. Nf4 g5 41. Ne6 g4 42. Nf4 Ne3 43. h4 Kb5 44. h5 Nf5 45. Kxa3 Kc4 46.
Kb2 Kd4 47. Kc2 Ke3 48. Nd3 g3 49. h6 Nxh6 50. Ne1 Nf5 51. Kc3 Ke2 52. Ng2 Kf2
53. Nf4 Kf3 54. Nd3 Nd6 55. Ne5+ Ke2 56. Ng6 Kf2 57. Nf4 g2 58. Nh3+ Kf1 59.
Kd3 g1=Q 60. Nxg1 0-1

[Event "Dundee & Angus Open"]
[Site "?"]
[Date "2009.??.??"]
[Round "2"]
[White "McLean, Ian"]
[Black "Spencer, Ed"]
[Result "0-1"]
[WhiteElo "1854"]
[BlackElo "2095"]
[PlyCount "86"]

1. c4 e5 2. g3 Nc6 3. Bg2 f5 4. Nc3 Nf6 5. d3 Bc5 6. e3 d6 7. Nge2 O-O 8. O-O
Qe8 9. Nd5 Bb6 10. Nec3 Nd8 11. Nxb6 axb6 12. Nd5 Ne6 13. Bd2 Nd7 14. f4 c6 15.
Nb4 Nd8 16. Bc3 Nf7 17. Qd2 Nh6 18. b3 Ng4 19. h3 Ngf6 20. Rae1 Nc5 21. Qb2 e4
22. d4 Ne6 23. d5 Nd8 24. dxc6 bxc6 25. Rd1 d5 26. cxd5 c5 27. Nc6 Nxc6 28.
dxc6 Qxc6 29. Rfe1 Ba6 30. Bf1 Nh5 31. Bxa6 Rxa6 32. Qe2 Qg6 33. g4 fxg4 34.
hxg4 b5 35. Qg2 Nf6 36. g5 Ne8 37. Rd7 h6 38. gxh6 Qxh6 39. Qh2 Qg6+ 40. Qg2
Qh7 41. Qh2 Rg6+ 42. Kh1 Rh6 43. Rxg7+ Nxg7 0-1

[Event "Dundee & Angus Open"]
[Site "?"]
[Date "2009.??.??"]
[Round "2"]
[White "Emery, Keith"]
[Black "Marks, Ian"]
[Result "0-1"]
[WhiteElo "1585"]
[BlackElo "1877"]
[PlyCount "66"]

1. e4 c5 2. Nf3 d6 3. Bb5+ Bd7 4. Qe2 Nc6 5. b3 e6 6. Bb2 Nf6 7. e5 Nxe5 8.
Nxe5 dxe5 9. Bxe5 Be7 10. Nc3 O-O 11. Bxd7 Qxd7 12. Ne4 Nxe4 13. Qxe4 Rfd8 14.
Rd1 Rac8 15. c4 f6 16. Bc3 e5 17. O-O Bd6 18. g3 Bb8 19. Qg2 b5 20. cxb5 Qxb5
21. Qe4 c4 22. b4 a6 23. Qg4 Ba7 24. Qe6+ Kf8 25. h4 Rc6 26. Qf5 g6 27. Qg4 Rd3
28. Kh2 Bd4 29. h5 f5 30. Qg5 Bxc3 31. dxc3 Qd5 32. Rc1 Qf3 33. h6 Rcd6 0-1

[Event "Dundee & Angus Open"]
[Site "?"]
[Date "2009.??.??"]
[Round "2"]
[White "Hogg, Stephen"]
[Black "Grant, Alan"]
[Result "0-1"]
[WhiteElo "2013"]
[BlackElo "2185"]
[PlyCount "80"]

1. d4 Nf6 2. c4 e6 3. Nc3 Bb4 4. e3 b6 5. Nge2 Ne4 6. f3 Bxc3+ 7. bxc3 Nd6 8.
Ng3 Ba6 9. Qa4 Qh4 10. Bd3 f5 11. O-O O-O 12. Ne2 Bb7 13. g3 Qh5 14. Nf4 Qe8
15. Ba3 Rf6 16. Rae1 g5 17. Ng2 Qh5 18. e4 Rh6 19. h4 gxh4 20. Nxh4 f4 21. Bc1
fxg3 22. Bxh6 Qxh4 23. Re2 Qxh6 24. Qc2 Nc6 25. Rg2 Qh4 26. Qf2 Kh8 27. Rxg3
Qf4 28. Rg4 Rg8 29. Qh4 Qf7 30. Rxg8+ Kxg8 31. Kh2 Kh8 32. Rg1 e5 33. dxe5 Nxe5
34. Qd8+ Ne8 35. Be2 Ng6 36. Rg2 Qe7 37. Qb8 Bc6 38. Rg4 d6 39. Qxa7 Bd7 40.
Rg2 Nf4 0-1

[Event "Dundee & Angus Open"]
[Site "?"]
[Date "2009.??.??"]
[Round "2"]
[White "Tsang, Sai Kong"]
[Black "McGregor, Lindsay"]
[Result "1-0"]
[WhiteElo "1876"]
[BlackElo "1778"]
[PlyCount "123"]

1. d4 Nf6 2. c4 e5 3. dxe5 Ng4 4. Nf3 Nc6 5. e3 d6 6. Be2 Ngxe5 7. Bd2 Be7 8.
Bc3 O-O 9. Nbd2 f5 10. O-O Bf6 11. Qb3 Be6 12. Nd4 Nxd4 13. exd4 Nd7 14. Rfe1
c5 15. d5 Bxc3 16. Qxc3 Bf7 17. Qh3 Bg6 18. Nf3 Qf6 19. Rab1 Rfe8 20. Bd3 Ne5
21. Nxe5 dxe5 22. Qe3 e4 23. Bc2 Qd4 24. Ba4 Rf8 25. Qxd4 cxd4 26. Rbd1 d3 27.
f4 Rac8 28. Bb3 Bh5 29. Rd2 Be2 30. Kf2 Rf6 31. Rc1 b6 32. Bd1 Bxd1 33. Rdxd1
a5 34. b3 Rg6 35. Rd2 Rc5 36. Ke3 Kf8 37. a3 Ke7 38. b4 axb4 39. axb4 Rc8 40.
Ra2 Kd7 41. g3 h5 42. c5 h4 43. gxh4 Rg4 44. Ra7+ Kd8 45. d6 Rc6 46. b5 Rxc5
47. Rxc5 bxc5 48. b6 48... d2 {
Notation of the remaining moves was difficult to decipher so may contain errors
} 49. b7 d1=N+ 50. Kd2 Rg2+ 51. Kxd1 Rb2 52. Ra8+ Kd7 53. b8=Q Rxb8 54. Rxb8
Kxd6 55. Rg8 Kd5 56. Rxg7 c4 57. Kd2 Kd4 58. Rd7+ Kc5 59. Kc3 Kc6 60. Re7 Kc5
61. h5 Kd6 62. Re5 1-0

[Event "Dundee & Angus Open"]
[Site "?"]
[Date "2009.??.??"]
[Round "2"]
[White "Romilly, Peter"]
[Black "Woods, Connor"]
[Result "1-0"]
[WhiteElo "2226"]
[BlackElo "2042"]
[PlyCount "91"]

1. e4 c5 2. Nf3 d6 3. Bb5+ Bd7 4. Bxd7+ Nxd7 5. O-O g6 6. c3 Bg7 7. d4 e6 8.
Na3 cxd4 9. cxd4 a6 10. Bf4 Ngf6 11. Nc4 Nxe4 12. Nxd6+ Nxd6 13. Bxd6 Nb6 14.
Bc5 Nd5 15. Ne5 Bf8 16. Qf3 Qf6 17. Qg3 Bxc5 18. dxc5 Qe7 19. c6 O-O 20. cxb7
Qxb7 21. b3 Rac8 22. Rac1 Rxc1 23. Rxc1 Rc8 24. Rxc8+ Qxc8 25. Nc4 Qc5 26. Qb8+
Kg7 27. Qe5+ Kg8 28. h4 h5 29. Qb8+ Kg7 30. Qb7 a5 31. Qa6 Qd4 32. Qxa5 Qd1+
33. Kh2 Qg4 34. g3 Qe2 35. Qd2 Qf1 36. Ne3 Nxe3 37. Qxe3 Qa6 38. a4 Qa5 39. Qd3
Qb4 40. Kg2 e5 41. Qc4 Qb7+ 42. Kg1 Qf3 43. a5 e4 44. a6 Qd1+ 45. Kh2 Qf3 46.
Qd4+ 1-0

[Event "Dundee & Angus Open"]
[Site "?"]
[Date "2009.??.??"]
[Round "2"]
[White "Orr, Mark"]
[Black "Birkett, Richard"]
[Result "1/2-1/2"]
[WhiteElo "2256"]
[BlackElo "2163"]
[PlyCount "83"]

1. d4 d5 2. c4 e6 3. Nc3 c6 4. e3 f5 5. Nf3 Nf6 6. Be2 Nbd7 7. Ng5 Qe7 8. O-O
g6 9. b3 h6 10. Nf3 Qf7 11. a4 Bb4 12. Bb2 O-O 13. Qc1 g5 14. Ba3 Bxa3 15. Qxa3
g4 16. Nd2 Nh7 17. b4 Ng5 18. b5 h5 19. Qd6 f4 20. exf4 Qxf4 21. Qxf4 Rxf4 22.
Nb3 dxc4 23. Bxc4 Nb6 24. Bd3 Nd5 25. Ne2 Rf6 26. bxc6 Nb4 27. Bc4 Nxc6 28. Nc3
Kg7 29. Rfe1 Nb4 30. Re5 Kh6 31. Rae1 Nf7 32. R5e2 Bd7 33. Bxe6 Nd3 34. Bxd7
Nxe1 35. Rxe1 Rd8 36. Bb5 Nd6 37. Bd3 Re8 38. Rb1 Rfe6 39. Kf1 b6 40. Nb5 Rc8
41. d5 Rf6 42. N3d4 {Notation went awry here. A further 5 moves were played
but could not be reconstructed} 1/2-1/2

[Event "Dundee & Angus Open"]
[Site "?"]
[Date "2009.??.??"]
[Round "3"]
[White "Murdochy, Shivan"]
[Black "McLean, Ian"]
[Result "1/2-1/2"]
[WhiteElo "1582"]
[BlackElo "1854"]
[PlyCount "42"]

1. d4 Nf6 2. c4 g6 3. Nc3 Bg7 4. e4 d6 5. f4 O-O 6. Nf3 c5 7. d5 Na6 8. Be2 Bd7
9. O-O Nc7 10. a4 Na6 11. h3 Nb4 12. Be3 b6 13. Bf2 Nh5 14. Qd2 Bh6 15. Be3 Ng3
16. Rfc1 Bg7 17. Bd3 e6 18. Kh2 Nh5 19. Re1 Bh6 20. Ne2 Bg7 21. Nc3 Bh6 1/2-1/2

[Event "Dundee & Angus Open"]
[Site "?"]
[Date "2009.??.??"]
[Round "3"]
[White "Marks, Ian"]
[Black "Findlay, David"]
[Result "0-1"]
[WhiteElo "1877"]
[BlackElo "2172"]
[PlyCount "96"]

1. e4 e5 2. Nf3 d6 3. d4 exd4 4. Nxd4 g6 5. Nc3 Bg7 6. Be3 Nf6 7. Bc4 O-O 8. f3
Nc6 9. Qd2 Re8 10. O-O-O a6 11. h4 Ne5 12. Be2 b5 13. Bh6 Bh8 14. g4 Bb7 15. h5
b4 16. Nd5 Nxd5 17. exd5 Bxd5 18. hxg6 fxg6 19. Nf5 Be6 20. Nd4 Bf7 21. Qf4 Qf6
22. Qxf6 Bxf6 23. f4 Nc4 24. Bf3 d5 25. b3 Nb6 26. Nc6 Bc3 27. f5 a5 28. Bd2
Bg7 29. Bf4 a4 30. Bxc7 axb3 31. Bxb6 bxa2 32. Kd2 Ra6 33. Nd8 a1=Q 34. Rxa1
Rxa1 35. Rxa1 Bxa1 36. Nxf7 Kxf7 37. Bxd5+ Kf6 38. fxg6 hxg6 39. Kd3 Rc8 40.
Be3 Ke5 41. Bf7 Rc6 42. Be8 Rd6+ 43. Kc4 Bc3 44. Bc5 Re6 45. Bd7 Rf6 46. Bxb4
Bxb4 47. Kxb4 Kd6 48. Be8 Kc7 0-1

[Event "Dundee & Angus Open"]
[Site "?"]
[Date "2009.??.??"]
[Round "3"]
[White "Scott, Jonny"]
[Black "Green, Andrew"]
[Result "0-1"]
[WhiteElo "1663"]
[BlackElo "2204"]
[PlyCount "109"]

1. d4 g6 2. c4 Bg7 3. Nc3 c5 4. d5 Bxc3+ 5. bxc3 f5 6. Nf3 Qa5 7. Qc2 Nf6 8.
Ng5 d6 9. Bd2 Nbd7 10. f3 Ne5 11. e4 h6 12. Nh3 fxe4 13. fxe4 Bxh3 14. gxh3
Nf3+ 15. Ke2 Nxd2 16. Kxd2 Nd7 17. Rb1 O-O-O 18. Be2 Ne5 19. Rb5 Qc7 20. Rhb1
Kb8 21. Qb2 b6 22. a4 h5 23. a5 Nd7 24. Qa2 Kb7 25. Ra1 Ra8 26. Rb3 Qd8 27. Qa4
Ne5 28. Rab1 Qd7 29. Rb5 Rhb8 30. axb6 a6 31. Ra5 Qxa4 32. Rxa4 Nd7 33. Bf3
Nxb6 34. Ra2 Kc7 35. Kd3 Nxc4 36. Rxb8 Ne5+ 37. Ke3 Kxb8 38. Be2 Kb7 39. Rb2+
Kc7 40. Rb1 a5 41. Ra1 a4 42. Bb5 a3 43. Be2 Ra5 44. Kd2 Ra4 45. Ke3 Kd8 46.
Bf1 Ra7 47. Bb5 Rb7 48. Be2 Rb3 49. Kd2 Rb2+ 50. Ke3 a2 51. Kf2 e6 52. dxe6 Ke7
53. Ke3 Kxe6 54. h4 Ke7 55. h3 0-1

[Event "Dundee & Angus Open"]
[Site "?"]
[Date "2009.??.??"]
[Round "3"]
[White "McGregor, Lindsay"]
[Black "Weir, Gary"]
[Result "1/2-1/2"]
[WhiteElo "1778"]
[BlackElo "1838"]
[PlyCount "86"]

1. e4 d5 2. Nf3 dxe4 3. Ng5 e6 4. Nxe4 Nf6 5. Nbc3 Bb4 6. Bc4 O-O 7. O-O Nc6 8.
d3 a6 9. a3 Be7 10. Re1 Ne5 11. Ba2 Ng6 12. Qf3 Rb8 13. Ng5 h6 14. Nge4 Nh4 15.
Nxf6+ Bxf6 16. Qh5 Bxc3 17. bxc3 Nf5 18. Re5 b5 19. Bf4 g5 20. Rxf5 exf5 21.
Qg6+ Kh8 22. Qxh6+ Kg8 23. Bxg5 Rb6 24. Qxb6 cxb6 25. Bxd8 Rxd8 26. Re1 Kf8 27.
Re5 Rd6 28. Rd5 Rc6 29. c4 Be6 30. Rd4 a5 31. f4 bxc4 32. Bxc4 Ke7 33. Bxe6
fxe6 34. c4 Rc8 35. Kf2 Rh8 36. h3 Rh4 37. Ke3 Rh8 38. c5 bxc5 39. Ra4 Rg8 40.
Kf3 Ra8 41. d4 cxd4 42. Ke2 Rg8 43. Rxd4 Rxg2+ 1/2-1/2

[Event "Dundee & Angus Open"]
[Site "?"]
[Date "2009.??.??"]
[Round "3"]
[White "Jacob, Gunnar"]
[Black "Neave, George"]
[Result "1-0"]
[WhiteElo "2344"]
[BlackElo "2033"]
[PlyCount "77"]

1. d4 Nf6 2. c4 g6 3. Nc3 Bg7 4. e4 d6 5. Nge2 c6 6. Ng3 a6 7. a4 a5 8. Be2 Na6
9. Be3 Nb4 10. O-O h5 11. h3 h4 12. Nh1 d5 13. cxd5 cxd5 14. e5 Ne4 15. f3 Ng3
16. Bb5+ Kf8 17. Nxg3 hxg3 18. Ne2 Bxh3 19. Nxg3 Bf5 20. Qd2 e6 21. Rac1 Qh4
22. Kf2 Qd8 23. Bg5 Qb6 24. Nxf5 gxf5 25. Rfe1 Nc6 26. Bxc6 bxc6 27. Rc5 Kg8
28. Rec1 Rc8 29. Qxa5 Qxb2+ 30. Qd2 Qa3 31. a5 Qa4 32. Bf6 Rh5 33. Bxg7 Kxg7
34. R5c2 Qb5 35. Rb2 Qa6 36. Rb6 Qa8 37. Qb4 Rc7 38. Rb8 Qa6 39. Qf8+ 1-0

[Event "Dundee & Angus Open"]
[Site "?"]
[Date "2009.??.??"]
[Round "3"]
[White "Grant, Alan"]
[Black "Orr, Mark"]
[Result "0-1"]
[WhiteElo "2185"]
[BlackElo "2256"]
[PlyCount "68"]

1. Nf3 d5 2. c4 e6 3. g3 Nf6 4. Bg2 Be7 5. O-O O-O 6. d4 dxc4 7. Qc2 a6 8. Qxc4
b5 9. Qc2 Bb7 10. Bg5 Nbd7 11. Rd1 Rc8 12. Bxf6 Bxf6 13. e4 c5 14. d5 exd5 15.
exd5 c4 16. Nc3 Nc5 17. Ne1 Re8 18. Rd2 b4 19. Ne2 c3 20. bxc3 bxc3 21. Rdd1 g6
22. Nf4 Qd6 23. Ned3 Nxd3 24. Rxd3 a5 25. Rad1 Ba6 26. Re3 Rxe3 27. fxe3 Rb8
28. Nd3 Kg7 29. e4 Bxd3 30. Qxd3 Rb2 31. e5 Bxe5 32. Qc4 Qb6+ 33. Kh1 Qf2 34.
Qe4 Rd2 0-1

[Event "Dundee & Angus Open"]
[Site "?"]
[Date "2009.??.??"]
[Round "3"]
[White "Spencer, Ed"]
[Black "Jacob, Helmut"]
[Result "1-0"]
[WhiteElo "2095"]
[BlackElo "2155"]
[PlyCount "65"]

1. e4 c6 2. d4 d5 3. f3 dxe4 4. fxe4 e5 5. Nf3 Be6 6. c3 Nf6 7. Bd3 Nbd7 8. Qc2
Qc7 9. Nbd2 Nh5 10. Nc4 f6 11. dxe5 fxe5 12. Ng5 Bg8 13. Qe2 Nhf6 14. O-O Nc5
15. Bc2 Ne6 16. Nf3 Bc5+ 17. Kh1 Nf4 18. Bxf4 exf4 19. e5 Nd5 20. Nd6+ Kf8 21.
Nh4 Bxd6 22. exd6 Qxd6 23. Nf5 Qc7 24. Rae1 Bf7 25. Qg4 g6 26. Nh6 Re8 27. Be4
Be6 28. Qd1 Kg7 29. Bxd5 Bxd5 30. Ng4 Rxe1 31. Rxe1 Rd8 32. Qd4+ Kg8 33. Nh6+
1-0